La universalidad del conocimiento de dios en los paganos
Furkejuvvon:
| Váldodahkki: | |
|---|---|
| Materiálatiipa: | Girji |
| Giella: | espánnjágiella |
| Almmustuhtton: |
Pamplona
Consejo Superior de Investigaciones Científicas
1951
|
| Fáttát: | |
| Fáddágilkorat: |
Lasit fáddágilkoriid
Eai fáddágilkorat, Lasit vuosttaš fáddágilkora!
|
MARC
| LEADER | 00000nam a2200000 a 4500 | ||
|---|---|---|---|
| 001 | UCS9556 | ||
| 003 | CL-VaPUC | ||
| 008 | 971121e19510000SP |||||||||||||||||spa|d | ||
| 082 | 0 | 4 | |a 210 |b DEA |2 21 |
| 100 | 0 | |a De Achutegui, Pedro S |e author |9 394736 | |
| 245 | 1 | 3 | |a La universalidad del conocimiento de dios en los paganos |
| 300 | |a v | ||
| 942 | |c BK | ||
| 945 | |d 19971121 00:00:00 |a jquezada | ||
| 260 | |a Pamplona |b Consejo Superior de Investigaciones Científicas |c 1951 | ||
| 500 | |a v.1: Según los primeros teólogos de la compañía de Jesús 1534-1648 | ||
| 650 | 0 | |a Teología natural |9 266548 | |
| 650 | 0 | |a Teólogos |9 321227 | |
| 650 | 0 | |a Dios |9 266622 | |
| 650 | 0 | |a Sentencias |9 256250 | |
| 650 | 7 | |a DOCTRINA |2 CL-VaPUC |9 378331 | |
| 650 | 7 | |a UNIVERSALISMO |2 CL-VaPUC |9 369411 | |
| 583 | |a last modification |c 19971121 00:00:00 |k Rodrigo Vera | ||
| 999 | |c 263339 |d 263337 | ||
| 952 | |0 0 |1 0 |4 0 |6 210_000000000000000_DEA_1951 |7 0 |8 A |9 292574 |a BIBTEO |b BIBTEO |d 2019-11-19 |h v.1 |i 3367967 |o 210 DEA 1951 |p 3367967 |r 2019-11-19 |w 2019-11-19 |y BK |k ICR | ||